Geography : (Record no. 7573)

MARC details
000 -LEADER
fixed length control field 00679nam a22002057a 4500
003 - CONTROL NUMBER IDENTIFIER
control field OSt
005 - DATE AND TIME OF LATEST TRANSACTION
control field 20260120034405.0
008 - FIXED-LENGTH DATA ELEMENTS--GENERAL INFORMATION
fixed length control field 260120b |||||||| |||| 00| 0 eng d
020 ## - INTERNATIONAL STANDARD BOOK NUMBER
International Standard Book Number 0-314-02905-2
040 ## - CATALOGING SOURCE
Original cataloging agency DWC-main Lib
Transcribing agency OC
082 ## - DEWEY DECIMAL CLASSIFICATION NUMBER
Edition number 2nd edition
Classification number Circ. 910 En58g 1998
100 ## - MAIN ENTRY--PERSONAL NAME
Personal name English, P.W.
245 ## - TITLE STATEMENT
Title Geography :
Remainder of title People and places in a changing world
Statement of responsibility, etc. English, Paul Ward
250 ## - EDITION STATEMENT
Edition statement 2nd edition
260 ## - PUBLICATION, DISTRIBUTION, ETC.
Place of publication, distribution, etc. USA :
Name of publisher, distributor, etc. West Publishing company,
Date of publication, distribution, etc. c1998
300 ## - PHYSICAL DESCRIPTION
Extent xxx, 734 pages ;
Dimensions 26 cm.
504 ## - BIBLIOGRAPHY, ETC. NOTE
Bibliography, etc. note Includes index
650 ## - SUBJECT ADDED ENTRY--TOPICAL TERM
Source of heading or term Geography
942 ## - ADDED ENTRY ELEMENTS (KOHA)
Source of classification or shelving scheme Dewey Decimal Classification
Koha item type Book Circulation
Edition 2nd edition
Classification part Circ. 910 En58g 1998
Call number prefix Circ.
Suppress in OPAC No
952 ## - LOCATION AND ITEM INFORMATION (KOHA)
--
Holdings
Withdrawn status Lost status Source of classification or shelving scheme Damaged status Not for loan Home library Current library Shelving location Date acquired Source of acquisition Total Checkouts Full call number Barcode Date last seen Copy number Price effective from Koha item type Uniform Resource Identifier
    Dewey Decimal Classification     College Library College Library Circulation 07/22/2005 Donation   Circ. 910 En58g 1998 CL42117 01/20/2026 c1 01/20/2026 BK-CIRC